Lecciones de Derecho procesal penal

Spremljeno u:
Bibliografski detalji
Glavni autor: Armenta Deu, Teresa (Autor)
Format: Knjiga
Jezik:španjolski
Izdano: Madrid Marcial Pons 2018
Izdanje:11a. ed
Serija:Manuales Universitarios
Teme:
Oznake: Dodaj oznaku
Bez oznaka, Budi prvi tko označuje ovaj zapis!

MARC

LEADER 00000cam a2200000 a 4500
001 UCC8289
003 CL-VaPUC
005 20210527001531.0
008 190617e20180000sp |||||||||||||||||spa|d
020 |a 9788491235712 
040 |c Pontificia Universidad Católica de Valparaíso 
082 0 4 |a 345.05  |b ARM  |2 21 
100 0 |a Armenta Deu, Teresa  |e author  |9 420 
245 1 0 |a Lecciones de Derecho procesal penal 
250 |a 11a. ed 
260 |a Madrid  |b Marcial Pons  |c 2018 
300 |a 445 p 
490 0 |a Manuales Universitarios 
583 |a last modification  |c 20190617 11:18:00  |k Rodrigo Vera 
650 0 |a Derecho procesal penal   |9 256392 
650 7 |a DERECHO PENAL  |2 CL-VaPUC  |9 11 
650 0 |a Jurisprudencia  |9 255952 
942 |c BK 
945 |d 20190617 11:18:00  |a dcastane 
999 |c 374639  |d 374637 
952 |0 0  |1 0  |3 erb  |4 0  |6 345_050000000000000_ARM_2018  |7 0  |8 A  |9 493265  |a BIBDER  |b BIBDER  |i 5551870  |l 4  |o 345.05 ARM 2018  |p 5551870  |r 2023-12-06  |s 2023-12-06  |w 2019-11-24  |y BK  |z Catalogado en:20190617  |k DER